Wiedźmini, występujący w powieściach A. Sapkowskiego - Statystyki

Ogólne statystyki
  • Ten quiz został rozwiązany 2 328 razy
  • Średni wynik to 4 z 6
Statystyki odpowiedzi
Odpowiedź % Poprawnych
Geralt
99%
Lambert
91%
Vesemir
90%
Eskel
82%
Coen
39%
Brehen
5%
Nie znaleziono quizów pasujących do podanych kryteriów
Rozkład punktacji
Procent ludzi z każdym wynikiem
Percentyl według liczby udzielonych odpowiedzi
Twoja historia wyników
Nie rozwiązałeś tego quizu